| 000 | 00987nam a22002537a 4500 | ||
|---|---|---|---|
| 003 | DO-SdBNP | ||
| 005 | 20221110133256.0 | ||
| 007 | ta | ||
| 008 | 110301s2021 dr 000 0 spa d | ||
| 020 | _a9789945132120 | ||
| 040 |
_aDO-SdBNP _bspa _cBNPHU |
||
| 082 | 4 |
_axxxx _bM691r |
|
| 100 | 1 |
_aModeste Valerio, Fortune _953018 _d1954- |
|
| 245 | 1 | 0 |
_aReflexiones políticas de una coyuntura electoral elecciones 2020 : _bapuntes sobre la izquierda revolucionaria y algo más / _cFortune Modeste Valerio ; prólogo Iván Rodríguez Pilier, Manuel Salazar |
| 260 |
_aSanto Domingo : _bEdiciones La Gina, _c2021. |
||
| 300 |
_a186 p. : _c23 cm. |
||
| 500 | _aIncluye datos biográficos del autor en la solapa de la portada. | ||
| 590 | _aInventariado, 2022/ YL | ||
| 590 | _aLa biblioteca posee un (1) ejemplar autografiado por el autor. | ||
| 700 | 1 | 2 |
_aRodríguez Pilier, Iván _eprol. _981775 |
| 700 | 1 | 2 |
_aSalazar, Manuel _eprol. _92454 |
| 910 | _aYLockward | ||
| 942 |
_2ddc _cLBS1 |
||
| 999 |
_c51920 _d51920 |
||